Compositions d'équipes des finales de Coupe du Monde. #3 - Statistiques

Statistiques générales
  • Ce quiz a été pris 103 fois
  • Le résultat moyen est 24 sur 44
Statistiques - réponses
Années Nations Postes Joueurs % Correct
2006 France Gardien Fabien Barthez
100%
2006 Italie Gardien Gianluigi Buffon
99%
Milieu Offensif Zinédine Zidane
99%
Buteur Thierry Henry
95%
Ailier Gauche Franck Ribéry
91%
Milieu de terrain Patrick Vieira
90%
Milieu de terrain Andrea Pirlo
88%
Défenseur Central Lilian Thuram
88%
Buteur Ronaldo
88%
Ailier Gauche Ronaldinho
87%
Défenseur Central Fabio Cannavaro
86%
Milieu de terrain Claude Makélélé
85%
Piston Droit Cafu
79%
Défenseur Central Marco Materazzi
79%
Second Attaquant Francesco Totti
77%
Piston Gauche Roberto Carlos
76%
Défenseur Droit Willy Sagnol
76%
2002 Allemagne Gardien Oliver Kahn
73%
Ailier Droit Rivaldo
72%
Milieu de terrain Gennaro Gattuso
69%
Ailier Droit Florent Malouda
67%
Défenseur Gauche Eric Abidal
66%
Défenseur Central William Gallas
66%
Buteur Miroslav Klose
63%
Défenseur Droit Gianluca Zambrotta
60%
Défenseur Central Lucio
55%
Défenseur Gauche Fabio Grosso
53%
Buteur Luca Toni
52%
Milieu de terrain Gilberto Silva
40%
Milieu Droit Maoro Camoranesi
33%
Milieu de terrain Edmilson
17%
Milieu Gauche Simone Perrotta
12%
Défenseur Central Kléberson
9%
2002 Brésil Gardien Marcos
9%
Buteur Olivier Neuville
9%
Milieu Offensif Bernd Schneider
8%
Piston Droit Torster Frings
8%
Défenseur Central Christoph Metzelder
7%
Milieu de terrain Dietmar Hamann
7%
Défenseur Central Roque Junior
7%
Défenseur Central Thomas Linke
5%
Défenseur Central Carsten Ramelow
3%
Milieu de terrain Jens Jeremies
3%
Piston Gauche Marco Bode
2%
Aucun quiz correspondant
Distribution des résultats
% des personnes avec chaque résultat
Percentile par nombre de réponses
Votre historique - résultats
Vous n’avez pas pris ce quiz